Statistiques concernant Dictionnaire hors série n°3: Kirby

Cliquez ici pour prendre le quiz!

Statistiques générales

  • Ce quiz a été pris 99 fois
  • Le résultat moyen est 8 sur 10

Statistiques - réponses

DéfinitionsClasses grammaticalesMots correspondants% Correct
Se déplacer et se soutenir dans l'airVerbeVoler
95%
Fruit du pommier, rond, à pulpe ferme et juteuseNomPomme
94%
Faire descendre par le gosierVerbeAvaler
91%
Attirer l'air dans ses poumonsVerbeAspirer
85%
Dont la taille est inférieure à la moyenneAdjectifPetit
84%
Corps plein, sphérique, que l'on peut faire roulerNomBoule
82%
En forme de cercle ou de sphèreAdjectifRond
82%
Astre producteur et émetteur d'énergieNomEtoile
72%
D'un rouge très pâleAdjectifRose
69%
Fait de disposer de moyens qui permettent une actionNomPouvoir
26%

Distribution des résultats

Percentile par nombre de réponses

% des personnes avec chaque résultat

Votre développement - résultats

Vous n’avez pas pris ce quiz